UBT Library

Physical geology : (Record no. 43578)

000 -LEADER
fixed length control field 00808cam a2200229 a 4500
001 - CONTROL NUMBER
control field 12135811
005 - DATE AND TIME OF LATEST TRANSACTION
control field 20180227054044.0
008 - FIXED-LENGTH DATA ELEMENTS--GENERAL INFORMATION
fixed length control field 000809s2001 cauab b 001 0 eng
010 ## - LIBRARY OF CONGRESS CONTROL NUMBER
LC control number 00063037
020 ## - INTERNATIONAL STANDARD BOOK NUMBER
International Standard Book Number 0534572227
040 ## - CATALOGING SOURCE
Original cataloging agency DLC
Transcribing agency DLC
Modifying agency DLC
041 ## - LANGUAGE CODE
Language code of text/sound track or separate title eng
080 ## - UNIVERSAL DECIMAL CLASSIFICATION NUMBER
Universal Decimal Classification number 550 JAM
082 00 - DEWEY DECIMAL CLASSIFICATION NUMBER
Classification number 550 JAM
Edition number 21
100 1# - Rafti
Rafti 43
101 ## - Shkurtesa
Shkurtesa GEO
245 10 - TITLE STATEMENT
Title Physical geology :
Statement of responsibility, etc James S. Monroe, Reed Wicander.
504 ## - BIBLIOGRAPHY, ETC. NOTE
Bibliography, etc Includes bibliographical references and index.
906 ## - LOCAL DATA ELEMENT F, LDF (RLIN)
a 7
b cbc
c orignew
d 1
e ocip
f 20
g y-gencatlg
942 ## - ADDED ENTRY ELEMENTS (KOHA)
Source of classification or shelving scheme
Item type Books
Holdings
Withdrawn status Lost status Source of classification or shelving scheme Damaged status Not for loan Collection code Permanent location Current location Shelving location Date acquired Total Checkouts Full call number Barcode Date last seen Price effective from Koha item type
          Koleksioni i përgjithshem UBT - Lipjan UBT - Lipjan Koleksioni i përgjithshem 02/27/2018   550 JAM 002-3000082 02/27/2018 02/27/2018 Books
UBT Library © 2015-2024. All rights reserved University Education for Business and Technology